[Event "FRA-chT U20 0304"]
[Site "France"]
[Date "2004.05.02"]
[Round "11"]
[White "Neri, Jean Baptiste"]
[Black "Estarellas, Thibault"]
[Result "0-1"]
[WhiteElo "1370"]
[BlackElo "1460"]
[PlyCount "71"]
[EventDate "2003.11.??"]
[EventType "team"]
[EventRounds "11"]
[EventCountry "FRA"]
[SourceTitle "EXT 2005"]
[Source "ChessBase"]
[SourceDate "2004.11.15"]
[SourceVersion "1"]
[SourceVersionDate "2004.11.15"]
[SourceQuality "1"]
[WhiteTeam "Grasse"]
[BlackTeam "Niort"]
[WhiteTeamCountry "FRA"]
[BlackTeamCountry "FRA"]

1. e4 c5 2. Nf3 Nc6 3. d4 cxd4 4. Nxd4 Nf6 5. Nxc6 bxc6 6. Nc3 g6 7. Bc4 Bg7 8. 0-0 0-0 9. Bg5 Nxe4 10. Nxe4 d5 11. Bxd5 Qxd5 12. Qxd5 cxd5 13. Nc3 e6 14. Rab1 Ba6 15. Rfd1 Rab8 16. Bf4 e5 17. Bg3 d4 18. Ne4 f5 19. Nc5 Bb5 20. Ne6 Rfe8 21. Nxg7 Kxg7 22. Re1 f4 23. Bh4 h6 24. f3 g5 25. Bf2 a6 26. g3 Bc6 27. Kg2 g4 28. gxf4 exf4 29. Bxd4+ Kg6 30. Kf2 Bxf3 31. Be5 Rb5 32. c3 Ra5 33. a3 Be4 34. Rbd1 Raxe5 35. Rg1 Kg5 36. h3 0-1

[Event "FRA-chT U20 0304"]
[Site "France"]
[Date "2004.??.??"]
[Round "4"]
[White "Caput, Jules"]
[Black "Estarellas, Thibault"]
[Result "1-0"]
[WhiteElo "1340"]
[BlackElo "1460"]
[PlyCount "105"]
[EventDate "2003.11.??"]
[EventType "team"]
[EventRounds "11"]
[EventCountry "FRA"]
[SourceTitle "EXT 2005"]
[Source "ChessBase"]
[SourceDate "2004.11.15"]
[SourceVersion "1"]
[SourceVersionDate "2004.11.15"]
[SourceQuality "1"]
[WhiteTeam "Creteil"]
[BlackTeam "Niort"]
[WhiteTeamCountry "FRA"]
[BlackTeamCountry "FRA"]

1. e4 c5 2. Nf3 Nc6 3. d4 cxd4 4. Nxd4 Nf6 5. Nc3 g6 6. Nxc6 bxc6 7. e5 Nh5 8. Bc4 Bg7 9. Qf3 f5 10. exf6 Nxf6 11. 0-0 d5 12. Be2 0-0 13. Be3 d4 14. Qxc6 Bg4 15. Rad1 Bxe2 16. Nxe2 Qb8 17. Bxd4 Ng4 18. Ng3 Qf4 19. Qc4+ Kh8 20. Bxg7+ Kxg7 21. Qxf4 Rxf4 22. Rfe1 Nxf2 23. Rd2 Ng4 24. Rxe7+ Kh6 25. h3 Nf6 26. Rd6 Ng8 27. Rc7 Nf6 28. Rf7 Ne8 29. Rxf4 Nxd6 30. Kf2 Rb8 31. b3 Kg5 32. Rf3 Rc8 33. c4 Rc5 34. Ke3 Re5+ 35. Kd4 Re1 36. Kc5 Ne4+ 37. Nxe4+ Rxe4 38. Rf7 Re2 39. Kb5 Rxa2 40. c5 Rb2 41. b4 Rxg2 42. c6 Rc2 43. c7 Kh6 44. Ka6 Rb2 45. Kb7 Rxb4+ 46. Kc6 Rc4+ 47. Kd6 Rc1 48. Kd7 Rd1+ 49. Ke7 Re1+ 50. Kf6 Rf1+ 51. Ke7 Re1+ 52. Kd8 Rd1+ 53. Rd7 1-0

[Event "FRA-chT U20 0304"]
[Site "France"]
[Date "2004.??.??"]
[Round "5"]
[White "Estarellas, Thibault"]
[Black "Le Hyaric, Edern"]
[Result "1-0"]
[WhiteElo "1460"]
[BlackElo "1009"]
[PlyCount "69"]
[EventDate "2003.11.??"]
[EventType "team"]
[EventRounds "11"]
[EventCountry "FRA"]
[SourceTitle "EXT 2005"]
[Source "ChessBase"]
[SourceDate "2004.11.15"]
[SourceVersion "1"]
[SourceVersionDate "2004.11.15"]
[SourceQuality "1"]
[WhiteTeam "Niort"]
[BlackTeam "Clichy"]
[WhiteTeamCountry "FRA"]
[BlackTeamCountry "FRA"]

1. e4 e5 2. Bc4 Nf6 3. d4 Bd6 4. Nf3 Nc6 5. 0-0 0-0 6. Bg5 h6 7. Bh4 Be7 8. dxe5 Nxe4 9. Bxe7 Qxe7 10. Qd5 Nc5 11. Nc3 d6 12. exd6 cxd6 13. Nb5 Rd8 14. Rad1 Nb4 15. Qd2 a6 16. Nxd6 Rxd6 17. Qxd6 Qxd6 18. Rxd6 Bf5 19. c3 Nc6 20. Rd5 Ne7 21. Rxc5 Bd7 22. Rc7 Rd8 23. Ne5 Bf5 24. Rxe7 Bc2 25. Rxf7 Kh7 26. Rc1 Be4 27. f3 Bg6 28. Nxg6 Kxg6 29. Re1 Rd6 30. Re6+ Rxe6 31. Bxe6 Kg5 32. h4+ Kxh4 33. Rxg7 h5 34. Kh2 b5 35. g3# 1-0